<?xml version="1.0" encoding="UTF-8"?>
<record
    xmlns:xsi="http://www.w3.org/2001/XMLSchema-instance"
    xsi:schemaLocation="http://www.loc.gov/MARC21/slim http://www.loc.gov/standards/marcxml/schema/MARC21slim.xsd"
    xmlns="http://www.loc.gov/MARC21/slim">

  <leader>00565nam a22001937a 4500</leader>
  <controlfield tag="003">OSt</controlfield>
  <controlfield tag="005">20260629115822.0</controlfield>
  <controlfield tag="008">260629b        |||||||| |||| 00| 0 eng d</controlfield>
  <datafield tag="020" ind1=" " ind2=" ">
    <subfield code="a">0761963596</subfield>
  </datafield>
  <datafield tag="040" ind1=" " ind2=" ">
    <subfield code="c">Chuka University Library</subfield>
  </datafield>
  <datafield tag="050" ind1=" " ind2=" ">
    <subfield code="a">LB 1131 .D69 2004</subfield>
  </datafield>
  <datafield tag="100" ind1=" " ind2=" ">
    <subfield code="a">Dowling Marion</subfield>
    <subfield code="9">31434</subfield>
  </datafield>
  <datafield tag="245" ind1=" " ind2=" ">
    <subfield code="a">Young Children's Personal, Social and Emotional development</subfield>
  </datafield>
  <datafield tag="260" ind1=" " ind2=" ">
    <subfield code="a">Paul Chapman Publishing</subfield>
    <subfield code="b">London</subfield>
    <subfield code="c">2000</subfield>
  </datafield>
  <datafield tag="300" ind1=" " ind2=" ">
    <subfield code="a">Various Pagings</subfield>
    <subfield code="b">Indexes</subfield>
  </datafield>
  <datafield tag="650" ind1=" " ind2=" ">
    <subfield code="a">Child Development</subfield>
    <subfield code="9">11398</subfield>
  </datafield>
  <datafield tag="650" ind1=" " ind2=" ">
    <subfield code="a">Child Psychology</subfield>
  </datafield>
  <datafield tag="942" ind1=" " ind2=" ">
    <subfield code="2">lcc</subfield>
    <subfield code="c">BK</subfield>
    <subfield code="n">0</subfield>
  </datafield>
  <datafield tag="952" ind1=" " ind2=" ">
    <subfield code="0">0</subfield>
    <subfield code="1">0</subfield>
    <subfield code="2">lcc</subfield>
    <subfield code="4">0</subfield>
    <subfield code="7">0</subfield>
    <subfield code="8">LGL</subfield>
    <subfield code="a">CHK</subfield>
    <subfield code="b">CHK</subfield>
    <subfield code="d">2026-06-29</subfield>
    <subfield code="e">Donations From Books For Africa</subfield>
    <subfield code="g">2429.90</subfield>
    <subfield code="l">0</subfield>
    <subfield code="o">LB 1131 .D69 2000</subfield>
    <subfield code="p">36140/2026</subfield>
    <subfield code="r">2026-06-29 12:00:14</subfield>
    <subfield code="t">4</subfield>
    <subfield code="w">2026-06-29</subfield>
    <subfield code="y">BK</subfield>
  </datafield>
  <datafield tag="952" ind1=" " ind2=" ">
    <subfield code="0">0</subfield>
    <subfield code="1">0</subfield>
    <subfield code="2">lcc</subfield>
    <subfield code="4">0</subfield>
    <subfield code="7">0</subfield>
    <subfield code="8">LGL</subfield>
    <subfield code="a">CHK</subfield>
    <subfield code="b">CHK</subfield>
    <subfield code="d">2026-06-29</subfield>
    <subfield code="e">Donations From Books For Africa</subfield>
    <subfield code="g">2429.90</subfield>
    <subfield code="l">0</subfield>
    <subfield code="o">LB 1131 .D69 2000</subfield>
    <subfield code="p">36141/2026</subfield>
    <subfield code="r">2026-06-29 12:00:14</subfield>
    <subfield code="t">5</subfield>
    <subfield code="w">2026-06-29</subfield>
    <subfield code="y">BK</subfield>
  </datafield>
  <datafield tag="952" ind1=" " ind2=" ">
    <subfield code="0">0</subfield>
    <subfield code="1">0</subfield>
    <subfield code="2">lcc</subfield>
    <subfield code="4">0</subfield>
    <subfield code="7">0</subfield>
    <subfield code="8">LGL</subfield>
    <subfield code="a">CHK</subfield>
    <subfield code="b">CHK</subfield>
    <subfield code="d">2026-06-29</subfield>
    <subfield code="e">Donations From Books For Africa</subfield>
    <subfield code="g">2429.90</subfield>
    <subfield code="l">0</subfield>
    <subfield code="o">LB 1131 .D69 2000</subfield>
    <subfield code="p">36142/2026</subfield>
    <subfield code="r">2026-06-29 12:00:14</subfield>
    <subfield code="t">1</subfield>
    <subfield code="w">2026-06-29</subfield>
    <subfield code="y">BK</subfield>
  </datafield>
  <datafield tag="952" ind1=" " ind2=" ">
    <subfield code="0">0</subfield>
    <subfield code="1">0</subfield>
    <subfield code="2">lcc</subfield>
    <subfield code="4">0</subfield>
    <subfield code="7">0</subfield>
    <subfield code="8">LGL</subfield>
    <subfield code="a">CHK</subfield>
    <subfield code="b">CHK</subfield>
    <subfield code="d">2026-06-29</subfield>
    <subfield code="e">Donations From Books For Africa</subfield>
    <subfield code="g">2429.90</subfield>
    <subfield code="l">0</subfield>
    <subfield code="o">LB 1131 .D69 2000</subfield>
    <subfield code="p">36143/2026</subfield>
    <subfield code="r">2026-06-29 12:00:14</subfield>
    <subfield code="t">6</subfield>
    <subfield code="w">2026-06-29</subfield>
    <subfield code="y">BK</subfield>
  </datafield>
  <datafield tag="952" ind1=" " ind2=" ">
    <subfield code="0">0</subfield>
    <subfield code="1">0</subfield>
    <subfield code="2">lcc</subfield>
    <subfield code="4">0</subfield>
    <subfield code="7">0</subfield>
    <subfield code="8">LGL</subfield>
    <subfield code="a">CHK</subfield>
    <subfield code="b">CHK</subfield>
    <subfield code="d">2026-06-29</subfield>
    <subfield code="e">Donations From Books For Africa</subfield>
    <subfield code="g">2429.90</subfield>
    <subfield code="l">0</subfield>
    <subfield code="o">LB 1131 .D69 2000</subfield>
    <subfield code="p">36139/2026</subfield>
    <subfield code="r">2026-06-29 12:00:14</subfield>
    <subfield code="t">3</subfield>
    <subfield code="w">2026-06-29</subfield>
    <subfield code="y">BK</subfield>
  </datafield>
  <datafield tag="952" ind1=" " ind2=" ">
    <subfield code="0">0</subfield>
    <subfield code="1">0</subfield>
    <subfield code="2">lcc</subfield>
    <subfield code="4">0</subfield>
    <subfield code="7">0</subfield>
    <subfield code="8">LGL</subfield>
    <subfield code="a">CHK</subfield>
    <subfield code="b">CHK</subfield>
    <subfield code="d">2026-06-29</subfield>
    <subfield code="e">Donations From Books For Africa</subfield>
    <subfield code="g">2429.90</subfield>
    <subfield code="l">0</subfield>
    <subfield code="o">LB 1131 .D69 2000</subfield>
    <subfield code="p">36138/2026</subfield>
    <subfield code="r">2026-06-29 12:00:14</subfield>
    <subfield code="t">2</subfield>
    <subfield code="w">2026-06-29</subfield>
    <subfield code="y">BK</subfield>
  </datafield>
  <datafield tag="999" ind1=" " ind2=" ">
    <subfield code="c">25330</subfield>
    <subfield code="d">25330</subfield>
  </datafield>
</record>
